000 00835nam a2200253Ia 4500
003 OSt
005 20220923215810.0
006 a|||||r|||| 00| 0
007 ta
008 220922b |||||||| |||| 00| 0 hin d
024 _a181,880
037 _cTextual
040 _aARTS
_cARTS
_bhin
041 _2hin
_ahin
082 _aO152,1N38x, L8
100 _aबेबस बनारसी; हरिहार सती
_9163924
245 0 _aयती के स्वर
246 _aYatī ke svara
260 _aवाराणसी
_b नवयुग प्रकाशन
_c1978
300 _a111पृ.
_ccm.
650 _aहिन्दी साहित्य
_9156264
942 _hO152,1N38x, L8
_cTEXL
_2CC
999 _c335257
_d335257